[Event "Chess Olympiad 2012"]
[Site "?"]
[Date "????.??.??"]
[Round "2"]
[White "Georgiev, Vladimir"]
[Black "Leko, Peter"]
[Result "0-1"]
[WhiteElo "2566"]
[BlackElo "2737"]
[PlyCount "56"]

1. d4 Nf6 2. c4 e6 3. Nc3 Bb4 4. Bg5 c5 5. d5 d6 6. e3 exd5 7. cxd5 Nbd7 8. Bd3
Qa5 9. Nge2 Nxd5 10. O-O Bxc3 11. bxc3 c4 12. Bc2 O-O 13. Ng3 Nxc3 14. Qh5 f5
15. e4 Nxe4 16. Rad1 Ndf6 17. Bxf6 Nxf6 18. Qh4 Qc5 19. Rd4 d5 20. Rfd1 Be6 21.
Nxf5 Bxf5 22. Bxf5 Rae8 23. g4 Re5 24. Rf4 h6 25. g5 Nh5 26. Qxh5 Rexf5 27.
Rxf5 Rxf5 28. Qe8+ Qf8 0-1

[Event "Chess Olympiad 2012"]
[Site "?"]
[Date "????.??.??"]
[Round "2"]
[White "Aronian, Levon"]
[Black "Rahman, Ziaur"]
[Result "1-0"]
[WhiteElo "2816"]
[BlackElo "2516"]
[PlyCount "69"]

1. d4 d6 2. Nf3 Bg4 3. c4 Bxf3 4. exf3 Nd7 5. Nc3 c6 6. h4 e6 7. d5 exd5 8.
cxd5 Ngf6 9. Bf4 Nb6 10. dxc6 bxc6 11. Ba6 Rb8 12. Qc1 Be7 13. Ne2 c5 14. Bb5+
Nbd7 15. Nc3 O-O 16. O-O Nb6 17. Rd1 Nbd5 18. Nxd5 Nxd5 19. Rxd5 Rxb5 20. g3
Qa8 21. Rd3 d5 22. Bg5 Bxg5 23. hxg5 Qc6 24. Qc3 Qe6 25. a4 d4 26. Qc2 Ra5 27.
Qd2 Ra6 28. b4 cxb4 29. Qxb4 Qf5 30. Rad1 Qxg5 31. Rxd4 Qf6 32. Rf4 Qb6 33. Qc4
Qe6 34. Qc7 Qc6 35. Qxf7+ 1-0

[Event "Chess Olympiad 2012"]
[Site "?"]
[Date "????.??.??"]
[Round "3"]
[White "Adams, Michael"]
[Black "Dominguez Perez, Leinier"]
[Result "1-0"]
[WhiteElo "2722"]
[BlackElo "2725"]
[PlyCount "103"]

1. e4 c5 2. Nf3 d6 3. Bb5+ Nd7 4. c3 Ngf6 5. Qe2 a6 6. Ba4 b5 7. Bc2 Bb7 8. O-O
g6 9. d4 cxd4 10. cxd4 Bg7 11. Nc3 Rc8 12. a3 O-O 13. Rd1 Nb6 14. Bd3 Re8 15.
a4 b4 16. Nb1 a5 17. Nbd2 e6 18. Nb3 Ra8 19. Bg5 Qd7 20. Bxf6 Bxf6 21. Bb5 Bc6
22. e5 Bg7 23. exd6 Qxd6 24. Ne5 Bxb5 25. Qxb5 Nd5 26. Nc6 Bh6 27. Ncxa5 Qc7
28. Nc6 Rec8 29. Ne5 Bf4 30. Qe2 Bxe5 31. dxe5 Qc2 32. Qxc2 Rxc2 33. Rd2 Rc4
34. g3 g5 35. Nd4 Nc3 36. bxc3 bxc3 37. Rd3 Rd8 38. Rad1 Rxa4 39. Ne2 Rxd3 40.
Rxd3 c2 41. Rc3 Re4 42. Rxc2 Rxe5 43. Kg2 Rd5 44. g4 h5 45. gxh5 Kg7 46. Rc7
Rd8 47. h3 Rd5 48. Kg3 Rd1 49. f3 Ra1 50. Rd7 Ra5 51. Nd4 Ra6 52. Nb5 1-0

[Event "Chess Olympiad 2012"]
[Site "?"]
[Date "????.??.??"]
[Round "3"]
[White "Aronian, Levon"]
[Black "Vallejo Pons, Francisco"]
[Result "1-0"]
[WhiteElo "2816"]
[BlackElo "2697"]
[PlyCount "87"]

1. d4 Nf6 2. c4 e6 3. Nf3 b6 4. g3 Bb4+ 5. Bd2 Bxd2+ 6. Qxd2 Bb7 7. Bg2 O-O 8.
O-O d6 9. Qc2 c5 10. Rd1 cxd4 11. Nxd4 Bxg2 12. Kxg2 Qc8 13. Nd2 a6 14. N4f3
Qc6 15. Rac1 Nbd7 16. g4 Ne5 17. g5 Nh5 18. Qe4 Qxe4 19. Nxe4 Nf4+ 20. Kf1 Nxf3
21. exf3 d5 22. cxd5 exd5 23. Nc3 f6 24. Nxd5 Nxd5 25. Rxd5 fxg5 26. Rc7 Rf7
27. Rxf7 Kxf7 28. Rd7+ Kg8 29. Rb7 b5 30. Rb6 Rc8 31. b4 Ra8 32. a3 Kf7 33. Kg2
h6 34. f4 gxf4 35. Kf3 Rc8 36. Rxa6 Rc2 37. h4 g5 38. Rxh6 Rc3+ 39. Ke4 gxh4
40. Rxh4 Rxa3 41. Rxf4+ Ke6 42. Rf5 Ra2 43. f3 Re2+ 44. Kf4 1-0

[Event "Chess Olympiad 2012"]
[Site "?"]
[Date "????.??.??"]
[Round "3"]
[White "Bologan, Viktor"]
[Black "Gwaze, Robert"]
[Result "1-0"]
[WhiteElo "2734"]
[BlackElo "2454"]
[PlyCount "101"]

1. e4 c5 2. Nf3 e6 3. d3 d6 4. g3 g6 5. Bg2 Bg7 6. O-O Nc6 7. c3 Nge7 8. d4
cxd4 9. cxd4 O-O 10. Nc3 d5 11. e5 f6 12. exf6 Bxf6 13. Bh6 Rf7 14. Ng5 Bxg5
15. Bxg5 Qb6 16. Bxe7 Nxe7 17. Qd2 Bd7 18. Rfe1 Raf8 19. Re2 Nf5 20. Rd1 Qd6
21. a3 Kg7 22. Bh3 h6 23. f4 Qb6 24. Re5 Rc8 25. Qf2 Rc4 26. Bxf5 gxf5 27. h3
Kh7 28. Kh2 Rg7 29. Rd2 Rc8 30. Ne2 Rcg8 31. Re3 Qd6 32. Ng1 Be8 33. Qe1 Bf7
34. Rg2 Qb6 35. Nf3 Rc8 36. Rd2 Bg8 37. g4 fxg4 38. Ne5 Bf7 39. hxg4 Qd8 40.
Rh3 Qf6 41. Rf2 Kg8 42. g5 hxg5 43. fxg5 Qe7 44. Rg2 Be8 45. g6 Qf6 46. Qd2
Rgc7 47. Qh6 Bb5 48. Rf3 Qh8 49. Qh7+ Qxh7+ 50. gxh7+ Kh8 51. Ng6+ 1-0

[Event "Chess Olympiad 2012"]
[Site "?"]
[Date "????.??.??"]
[Round "3"]
[White "Caruana, Fabiano"]
[Black "Bravo, William"]
[Result "1-0"]
[WhiteElo "2773"]
[BlackElo "2291"]
[PlyCount "45"]

1. e4 e5 2. Nf3 Nc6 3. Bb5 f5 4. d3 fxe4 5. dxe4 Nf6 6. Qd3 Bc5 7. Nc3 d6 8.
Bg5 O-O 9. O-O-O Be6 10. Bc4 Qe8 11. Bxf6 Nb4 12. Qe2 Rxf6 13. a3 Nc6 14. Bxe6+
Qxe6 15. Nd5 Rf7 16. Qc4 Qh6+ 17. Kb1 Nd8 18. Nxc7 Rc8 19. Nd5 Nc6 20. b4 b5
21. Qxb5 Bxf2 22. Rhf1 Bb6 23. Qc4 1-0

[Event "Chess Olympiad 2012"]
[Site "?"]
[Date "????.??.??"]
[Round "3"]
[White "Cheparinov, Ivan"]
[Black "Fressinet, Laurent"]
[Result "1/2-1/2"]
[WhiteElo "2681"]
[BlackElo "2714"]
[PlyCount "138"]

1. d4 d5 2. c4 c6 3. Nf3 Nf6 4. Nc3 e6 5. g3 Nbd7 6. Bg2 Be7 7. O-O O-O 8. Bf4
Nh5 9. Bc1 Nhf6 10. b3 b6 11. Bb2 Ba6 12. Nd2 Rc8 13. a3 Re8 14. Re1 c5 15.
dxc5 Nxc5 16. cxd5 exd5 17. b4 Ne6 18. Qa4 Bb7 19. Rac1 a6 20. e3 b5 21. Qb3
Qb6 22. Ne2 Ne4 23. Nf3 a5 24. bxa5 Qxa5 25. Nf4 Nxf4 26. gxf4 Nc5 27. Qd1 Na4
28. Ba1 Bxa3 29. Qd4 Bf8 30. Ne5 b4 31. Bh3 Rxc1 32. Rxc1 Nc3 33. Bxc3 bxc3 34.
Qxc3 Qxc3 35. Rxc3 Bd6 36. Rb3 Bxe5 37. fxe5 Ba6 38. Rb6 Bc4 39. f4 g6 40. Bd7
Re7 41. Rd6 Kg7 42. Kf2 Kh6 43. Kf3 Bb3 44. Bc6 Ra7 45. Bxd5 Bxd5+ 46. Rxd5 Kg7
47. Rd6 Kf8 48. Rb6 Ra2 49. Rb8+ Ke7 50. Rb7+ Ke6 51. Rb6+ Ke7 52. h4 Rh2 53.
Kg3 Re2 54. Rb3 h5 55. Ra3 Ke6 56. Kf3 Rh2 57. Ra6+ Ke7 58. Kg3 Re2 59. Kf3 Rh2
60. Ke4 Rxh4 61. Ra7+ Ke6 62. Ra6+ Ke7 63. e6 Rh3 64. Kd5 fxe6+ 65. Rxe6+ Kf7
66. e4 Rf3 67. Ke5 Rxf4 68. Rxg6 Rxe4+ 69. Kxe4 Kxg6 1/2-1/2

[Event "Chess Olympiad 2012"]
[Site "?"]
[Date "????.??.??"]
[Round "3"]
[White "Ivanchuk, Vassily"]
[Black "Gelfand, Boris"]
[Result "1/2-1/2"]
[WhiteElo "2769"]
[BlackElo "2738"]
[PlyCount "61"]

1. d4 Nf6 2. c4 g6 3. Nc3 d5 4. cxd5 Nxd5 5. e4 Nxc3 6. bxc3 Bg7 7. Be3 c5 8.
Qd2 cxd4 9. cxd4 Nc6 10. Bb5 f5 11. Ne2 fxe4 12. O-O O-O 13. Rab1 Be6 14. Rfc1
Qa5 15. Qxa5 Nxa5 16. Nf4 Bf7 17. d5 Rfc8 18. Ne6 Be5 19. a4 b6 20. Rxc8+ Rxc8
21. Rb4 Bd6 22. Rxe4 Nb3 23. g3 Rc2 24. Rc4 Rxc4 25. Bxc4 Bxe6 26. dxe6 Nc5 27.
Bb5 Kg7 28. Bd4+ Kf8 29. Bxc5 Bxc5 30. Kg2 Kg7 31. f4 1/2-1/2

[Event "Chess Olympiad 2012"]
[Site "?"]
[Date "????.??.??"]
[Round "3"]
[White "Kamsky, Gata"]
[Black "Prasca Sosa, Rafael"]
[Result "1-0"]
[WhiteElo "2746"]
[BlackElo "2415"]
[PlyCount "153"]

1. c4 c6 2. e4 d5 3. exd5 cxd5 4. d4 Nf6 5. Nc3 e6 6. Nf3 Bb4 7. Bd3 Nc6 8. O-O
dxc4 9. Bxc4 O-O 10. Bg5 Be7 11. a3 Nd5 12. Bxd5 Bxg5 13. Bxc6 bxc6 14. Ne4 Bf4
15. Qc2 a5 16. Rfe1 Rb8 17. Nc5 Qd5 18. Rad1 Bd6 19. Ne4 h6 20. Rd3 Ba6 21. Rc3
Be7 22. Ne5 Bb7 23. Nc5 Qxd4 24. Ncd7 c5 25. Rd1 Qh4 26. Nxb8 Rxb8 27. Rb3 a4
28. Rb5 Qg5 29. Nc6 Qxg2+ 30. Kxg2 Bxc6+ 31. Kg1 Bxb5 32. Qe4 Bf6 33. Qf4 Rc8
34. Rd6 Bc6 35. Qc4 Bd5 36. Qxa4 Bxb2 37. Qd7 Rf8 38. a4 c4 39. Rxd5 exd5 40.
Qxd5 c3 41. Qc6 Rd8 42. Kg2 g6 43. a5 Rd1 44. a6 Ra1 45. Qc4 h5 46. f4 Kg7 47.
a7 Kg8 48. Qd4 Ra2 49. Kf3 Kh7 50. Qc5 Kg7 51. Ke4 Ba1 52. Qc4 c2 53. Qxa2 c1=Q
54. a8=Q Qh1+ 55. Kd3 Qf1+ 56. Ke3 Qg1+ 57. Kf3 Bd4 58. Qe8 Qh1+ 59. Qg2 Qd1+
60. Qge2 Qh1+ 61. Kg3 Qg1+ 62. Kh3 Bf6 63. Q8e3 Qa1 64. Q3f3 Qg1 65. f5 g5 66.
Qxh5 Qc5 67. Qhf3 Qc1 68. Kg2 Qa1 69. h4 gxh4 70. Kh3 Kf8 71. Qee4 Qc1 72. Qa8+
Kg7 73. Qg4+ Bg5 74. Qd4+ Bf6 75. Qg2+ Kh7 76. Qxf6 Qe3+ 77. Kg4 1-0

[Event "Chess Olympiad 2012"]
[Site "?"]
[Date "????.??.??"]
[Round "3"]
[White "Kramnik, Vladimir"]
[Black "Shirov, Alexei"]
[Result "1/2-1/2"]
[WhiteElo "2797"]
[BlackElo "2706"]
[PlyCount "137"]

1. d4 d5 2. c4 c6 3. Nf3 Nf6 4. Nc3 e6 5. Bg5 h6 6. Bxf6 Qxf6 7. e3 Nd7 8. Be2
Bd6 9. O-O Qe7 10. e4 dxe4 11. Nxe4 Bc7 12. c5 O-O 13. Re1 Ba5 14. Rf1 Bc7 15.
Qc2 e5 16. Bc4 Nf6 17. Nxf6+ Qxf6 18. Nxe5 Bxe5 19. dxe5 Qxe5 20. Rfe1 Qg5 21.
Re3 Bf5 22. Qc3 Bg6 23. Rae1 Rad8 24. Re5 Qd2 25. Re7 b5 26. cxb6 Qxc3 27. bxc3
axb6 28. Rc7 b5 29. Bb3 Rc8 30. Rb7 Rfe8 31. Rxe8+ Rxe8 32. f4 Kh7 33. Kf2 f6
34. Rc7 Be4 35. g4 Bd5 36. h4 Ra8 37. Ke3 Bxb3 38. axb3 Ra3 39. Rxc6 Rxb3 40.
Ke4 b4 41. c4 h5 42. g5 fxg5 43. hxg5 Ra3 44. Rb6 b3 45. f5 h4 46. Rb8 Ra4 47.
Kd4 Ra5 48. c5 Ra4+ 49. Kd5 Rf4 50. Ke6 Re4+ 51. Kd5 Rf4 52. f6 gxf6 53. c6
Rf5+ 54. Kd6 Rf1 55. c7 Rc1 56. gxf6 Kg6 57. Rxb3 Kxf6 58. Rb8 Rd1+ 59. Kc6
Rc1+ 60. Kd7 Kf5 61. c8=Q Rxc8 62. Rxc8 h3 63. Kd6 Kf4 64. Rc3 Kg4 65. Ke5 h2
66. Rc1 Kf3 67. Kf5 Kg2 68. Ke4 h1=Q 69. Kd5 1/2-1/2

[Event "Chess Olympiad 2012"]
[Site "?"]
[Date "????.??.??"]
[Round "3"]
[White "Leko, Peter"]
[Black "Pelletier, Yannick"]
[Result "1/2-1/2"]
[WhiteElo "2737"]
[BlackElo "2595"]
[PlyCount "56"]

1. d4 Nf6 2. c4 e6 3. Nc3 Bb4 4. e3 O-O 5. Bd3 c5 6. Nf3 b6 7. O-O Bb7 8. Na4
Na6 9. a3 Ba5 10. b3 d6 11. Bb2 Bc6 12. Nc3 Bxc3 13. Bxc3 Be4 14. Be2 Nc7 15.
b4 cxd4 16. exd4 a6 17. Nd2 Bb7 18. Nb3 b5 19. Na5 Rb8 20. Nxb7 Rxb7 21. c5
Nfd5 22. Bb2 Qd7 23. Qd2 Ra8 24. Bf3 Rba7 25. Bc3 Rb8 26. Bb2 Rba8 27. Bc3 Rb8
28. Bb2 Rba8 1/2-1/2

[Event "Chess Olympiad 2012"]
[Site "?"]
[Date "????.??.??"]
[Round "3"]
[White "Lenic, Luka"]
[Black "Sasikiran, Krishnan"]
[Result "1/2-1/2"]
[WhiteElo "2640"]
[BlackElo "2707"]
[PlyCount "107"]

1. d4 Nf6 2. c4 e6 3. Nc3 Bb4 4. e3 O-O 5. Bd3 c5 6. Nf3 d5 7. O-O Nc6 8. cxd5
exd5 9. dxc5 Bxc5 10. h3 Re8 11. b3 a6 12. Bb2 Ba7 13. Ne2 Ne4 14. Rc1 Bf5 15.
Bb1 Qd7 16. Nf4 Rad8 17. Nd4 Bg6 18. Nxg6 hxg6 19. Nxc6 bxc6 20. Bxe4 Rxe4 21.
Qd3 Qb7 22. Rfd1 f5 23. Qc3 Re6 24. Ba3 Bb8 25. Bc5 Qc7 26. g3 g5 27. f4 Rde8
28. Rd2 Qf7 29. Bd4 Qh5 30. g4 fxg4 31. hxg4 Qf7 32. f5 Rh6 33. Rf1 Qc7 34. Rg2
Re4 35. Qc2 Ba7 36. Qf2 c5 37. Bb2 c4 38. Bd4 Bxd4 39. exd4 c3 40. Qg3 Qxg3 41.
Rxg3 c2 42. Rc1 Rc6 43. Rg2 Rxd4 44. Rcxc2 Rxc2 45. Rxc2 Rxg4+ 46. Kf2 Rf4+ 47.
Kg3 Rxf5 48. Kg4 Rf6 49. Rd2 Rd6 50. Kxg5 Kf7 51. Kf5 Ke7 52. Rg2 g6+ 53. Ke5
d4 54. Ke4 1/2-1/2

[Event "Chess Olympiad 2012"]
[Site "?"]
[Date "????.??.??"]
[Round "3"]
[White "Miezis, Normunds"]
[Black "Grischuk, Alexander"]
[Result "1/2-1/2"]
[WhiteElo "2580"]
[BlackElo "2763"]
[PlyCount "62"]

1. c4 Nf6 2. Nc3 e5 3. Nf3 Nc6 4. g3 Bc5 5. Bg2 d6 6. O-O O-O 7. d3 h6 8. a3 a6
9. b4 Ba7 10. Bb2 Re8 11. Rc1 Ne7 12. Qd2 Ng6 13. e4 c6 14. d4 Be6 15. dxe5
Nxe5 16. Nxe5 dxe5 17. Qxd8 Raxd8 18. c5 Rd2 19. Ba1 Bb8 20. Rfd1 Red8 21. Rxd2
Rxd2 22. f3 a5 23. Rd1 Rxd1+ 24. Nxd1 axb4 25. axb4 Nd7 26. Bf1 b6 27. cxb6
Nxb6 28. Bc3 Nc4 29. Be1 Kf8 30. Bd3 Ke7 31. Kf2 Kd7 1/2-1/2

[Event "Chess Olympiad 2012"]
[Site "?"]
[Date "????.??.??"]
[Round "3"]
[White "Salgado Lopez, Ivan"]
[Black "Movsesian, Sergei"]
[Result "1/2-1/2"]
[WhiteElo "2638"]
[BlackElo "2698"]
[PlyCount "73"]

1. d4 d5 2. c4 c6 3. Nf3 Nf6 4. Nc3 a6 5. e3 Bf5 6. Qb3 Ra7 7. Bd2 e6 8. Nh4
Bg4 9. h3 Bh5 10. g4 Nfd7 11. Ng2 Bg6 12. Nf4 Bd6 13. Nxg6 hxg6 14. Bg2 Be7 15.
Ne2 b5 16. cxd5 cxd5 17. Rc1 O-O 18. O-O Nb6 19. Ba5 Qd6 20. Bxb6 Qxb6 21. Rc2
Nc6 22. Rfc1 Rc7 23. Rc3 Rfc8 24. Qd1 Bd6 25. e4 dxe4 26. Bxe4 Ne7 27. Rxc7
Bxc7 28. Qd3 Qd6 29. Qg3 Qd7 30. Qa3 a5 31. Qd3 Rd8 32. Rc5 Rb8 33. b3 Bd6 34.
Rc1 Bc7 35. Rc5 Bd6 36. Rc2 Bc7 37. Rc5 1/2-1/2

[Event "Chess Olympiad 2012"]
[Site "?"]
[Date "????.??.??"]
[Round "3"]
[White "Samolins, Vitalijs"]
[Black "Jakovenko, Dmitry"]
[Result "0-1"]
[WhiteElo "2404"]
[BlackElo "2722"]
[PlyCount "80"]

1. e4 e6 2. d4 d5 3. exd5 exd5 4. Nf3 Nf6 5. Bd3 Be7 6. h3 O-O 7. Nc3 c5 8.
dxc5 Bxc5 9. O-O h6 10. Bf4 Nc6 11. a3 Be6 12. Qd2 Re8 13. Rfe1 Rc8 14. Rad1 a6
15. Ne5 Nxe5 16. Bxe5 Nd7 17. Bg3 Nb6 18. Ne2 Qg5 19. c3 Nc4 20. Qxg5 hxg5 21.
Bxc4 dxc4 22. Nd4 Bd7 23. Rxe8+ Rxe8 24. Nf3 Bc6 25. Kf1 f6 26. Bc7 Kf7 27. Rd8
Rxd8 28. Bxd8 Bxf3 29. gxf3 Ke6 30. Bc7 Kd7 31. Bg3 Bd6 32. h4 gxh4 33. Bxh4
Bf4 34. Ke2 Bc1 35. a4 Bxb2 36. Kd2 Ba3 37. Ke3 Bc5+ 38. Ke4 Ke6 39. f4 f5+ 40.
Kf3 Be7 0-1

[Event "Chess Olympiad 2012"]
[Site "?"]
[Date "????.??.??"]
[Round "3"]
[White "Short, Nigel"]
[Black "Quesada Perez, Yuniesky"]
[Result "1-0"]
[WhiteElo "2698"]
[BlackElo "2626"]
[PlyCount "163"]

1. d4 Nf6 2. c4 e6 3. Nc3 Bb4 4. e3 O-O 5. Bd3 d5 6. cxd5 exd5 7. Nge2 Re8 8.
Bd2 a5 9. Rc1 Nbd7 10. O-O Bf8 11. f3 c5 12. Bb5 Qb6 13. Kh1 Rd8 14. Be1 cxd4
15. exd4 Nb8 16. Bh4 Nc6 17. Bxf6 gxf6 18. Qd3 Ne7 19. Ng3 f5 20. f4 Bg7 21.
Rcd1 Qg6 22. Ba4 Kh8 23. Qe2 Ng8 24. Nh5 Be6 25. Nxg7 Qxg7 26. Rf3 Ne7 27. Re3
Rg8 28. Bb3 Rad8 29. Rd2 Qg4 30. Qf1 Rg7 31. Na4 Ng8 32. Nc5 Bc8 33. Nd3 Qh5
34. Ne5 f6 35. Nd3 Nh6 36. Rh3 Qg6 37. Rg3 Qf7 38. Rxg7 Qxg7 39. Qf3 b6 40. h3
Qd7 41. Nf2 Nf7 42. Nd1 a4 43. Bc2 Nd6 44. Ne3 Ne4 45. Bxe4 fxe4 46. Qh5 Qd6
47. Qh6 Rg8 48. Rc2 Bd7 49. a3 Rg6 50. Qh4 Rg8 51. Rc3 Rg6 52. Kg1 Rg8 53. Kf2
Rg6 54. Ke1 Rg8 55. Kd2 Rg7 56. Kc1 Rg8 57. Kb1 Rg6 58. Ka1 Rg8 59. Qf2 Rc8 60.
Rxc8+ Bxc8 61. Qc2 Bd7 62. g3 Kg8 63. h4 Kf8 64. Qc3 h5 65. Kb1 Kf7 66. Kc2 Qc6
67. Qxc6 Bxc6 68. Kd2 Kg6 69. f5+ Kh6 70. Kc3 Bb7 71. Kd2 Bc6 72. Ke1 Bb7 73.
Kf2 Bc6 74. g4 Bb7 75. Kg3 Bc6 76. gxh5 Kg7 77. Ng4 Bb5 78. h6+ Kf7 79. Kf4 Bc4
80. h7 Kg7 81. Nxf6 b5 82. h5 1-0

[Event "Chess Olympiad 2012"]
[Site "?"]
[Date "????.??.??"]
[Round "3"]
[White "Tomashevsky, Evgeny"]
[Black "Neiksans, Arturs"]
[Result "1/2-1/2"]
[WhiteElo "2730"]
[BlackElo "2537"]
[PlyCount "87"]

1. d4 d5 2. c4 c6 3. Nf3 Nf6 4. e3 Bf5 5. Nc3 e6 6. Nh4 Bg6 7. Qb3 Qb6 8. Nxg6
hxg6 9. Bd2 Nbd7 10. Qc2 Be7 11. Bd3 O-O 12. O-O e5 13. cxd5 cxd5 14. Rfe1 Rac8
15. Qb3 Qxb3 16. axb3 a6 17. g3 Rfe8 18. Red1 exd4 19. exd4 Nb8 20. Bf1 Nc6 21.
Bf4 Rcd8 22. Bg2 Bb4 23. Bg5 Be7 24. h4 Nb4 25. Rd2 Kf8 26. Re2 Bd6 27. Rxe8+
Rxe8 28. Bxf6 gxf6 29. Nxd5 Nxd5 30. Bxd5 Re7 31. Kf1 Bb4 32. Bf3 Rc7 33. Rd1
Ke7 34. Be4 f5 35. Bd3 Kf6 36. Bc4 Re7 37. Bd5 Rc7 38. Bc4 Re7 39. f4 Rc7 40.
Kf2 b5 41. Bd3 Rd7 42. Be2 Rc7 43. Bd3 Rd7 44. Be2 1/2-1/2

[Event "Chess Olympiad 2012"]
[Site "?"]
[Date "????.??.??"]
[Round "3"]
[White "Vachier-Lagrave, Maxime"]
[Black "Topalov, Veselin"]
[Result "1-0"]
[WhiteElo "2686"]
[BlackElo "2752"]
[PlyCount "136"]

1. d4 Nf6 2. c4 g6 3. g3 Bg7 4. Bg2 O-O 5. Nf3 d6 6. O-O Nbd7 7. Nc3 e5 8. e4
exd4 9. Nxd4 Re8 10. h3 Nc5 11. Re1 Bd7 12. Rb1 h6 13. f3 Ne6 14. Nde2 a6 15.
Be3 b5 16. b3 h5 17. Qd2 Qc8 18. Nd5 Rb8 19. Red1 c5 20. g4 hxg4 21. hxg4 Bc6
22. Ndc3 Rd8 23. Nd5 Rb7 24. Bh3 Re8 25. g5 Nd7 26. Bxe6 Rxe6 27. Nef4 Re5 28.
Kf2 Qd8 29. cxb5 axb5 30. Rh1 Ra7 31. Rh2 Qa5 32. Qxa5 Rxa5 33. Kf1 b4 34. Rg2
Re8 35. Rd1 Ne5 36. Rf2 Kf8 37. Nf6 Rd8 38. Kg2 Ke7 39. N4d5+ Bxd5 40. Nxd5+
Kf8 41. Kg3 Nc6 42. Rh2 Ne7 43. Nb6 Rb5 44. Nc4 d5 45. Kg4 Bc3 46. Bf4 Rb7 47.
Ne5 Bxe5 48. Bxe5 Ke8 49. Rh8+ Kd7 50. Rxd8+ Kxd8 51. Bd6 Rb5 52. Bxe7+ Kxe7
53. Rxd5 Ra5 54. Rd2 Ke6 55. f4 Ra8 56. f5+ Ke5 57. Rd7 Kxe4 58. Rxf7 gxf5+ 59.
Rxf5 Rxa2 60. Rxc5 Rg2+ 61. Kh5 Rg3 62. g6 Kf4 63. Kh6 Rxb3 64. g7 Rg3 65. Rb5
b3 66. Kh7 Rh3+ 67. Kg6 Rg3+ 68. Kf7 Ke4 1-0

[Event "Chess Olympiad 2012"]
[Site "?"]
[Date "????.??.??"]
[Round "3"]
[White "Volokitin, Andrei"]
[Black "Postny, Evgeny"]
[Result "1-0"]
[WhiteElo "2709"]
[BlackElo "2638"]
[PlyCount "123"]

1. e4 e5 2. Nf3 Nc6 3. Bb5 a6 4. Ba4 Nf6 5. O-O Be7 6. d3 b5 7. Bb3 d6 8. a4
Bd7 9. Be3 O-O 10. h3 Na5 11. Ba2 c5 12. Nc3 b4 13. Nd5 Nxd5 14. Bxd5 Bc6 15.
Bxc6 Nxc6 16. Nd2 d5 17. Nb3 dxe4 18. dxe4 c4 19. Nd2 Na5 20. Nf3 Qc7 21. Qe2
Rfd8 22. Rfd1 f6 23. Rd5 Rxd5 24. exd5 Nb7 25. b3 Nd6 26. Nd2 Rc8 27. Rd1 cxb3
28. cxb3 Qc2 29. Re1 a5 30. Qa6 Rc3 31. Nc4 Qd3 32. Bc5 Qxd5 33. Bxd6 Bxd6 34.
Nxd6 h5 35. Nf5 Qd7 36. Ne3 Rxb3 37. Qxa5 Ra3 38. Qb5 Qxb5 39. axb5 Ra5 40. b6
Rb5 41. Nc4 b3 42. Rb1 Rb4 43. g4 hxg4 44. hxg4 Rxc4 45. Rxb3 Rc8 46. b7 Rb8
47. Kg2 Kf7 48. Kf3 Kg6 49. Ke4 Kg5 50. Kd5 Kxg4 51. Kc6 e4 52. Kc7 Rf8 53.
b8=Q Rxb8 54. Kxb8 f5 55. Kc7 f4 56. Kd6 g5 57. Kd5 e3 58. fxe3 f3 59. Rb8 Kg3
60. e4 g4 61. e5 Kh2 62. Rf8 1-0

[Event "Chess Olympiad 2012"]
[Site "?"]
[Date "????.??.??"]
[Round "3"]
[White "Wojtaszek, Radoslaw"]
[Black "Morovic Fernandez, Ivan"]
[Result "1-0"]
[WhiteElo "2717"]
[BlackElo "2575"]
[PlyCount "57"]

1. d4 Nf6 2. c4 g6 3. Nc3 Bg7 4. e4 d6 5. Nf3 O-O 6. Be2 e5 7. O-O Nc6 8. d5
Ne7 9. b4 Nh5 10. g3 f5 11. Ng5 Nf6 12. Bf3 c6 13. Bg2 h6 14. Ne6 Bxe6 15. dxe6
fxe4 16. b5 d5 17. Ba3 Re8 18. cxd5 cxd5 19. Qb3 Qb6 20. Bxe7 Rxe7 21. Nxd5
Nxd5 22. Qxd5 e3 23. fxe3 Qxe3+ 24. Kh1 Qb6 25. Rad1 Rae8 26. Be4 g5 27. Bg6
Rf8 28. Rxf8+ Bxf8 29. Bf7+ 1-0

[Event "Chess Olympiad 2012"]
[Site "?"]
[Date "????.??.??"]
[Round "3"]
[White "Ziska, Helgi Dam"]
[Black "Radjabov, Teimour"]
[Result "0-1"]
[WhiteElo "2469"]
[BlackElo "2788"]
[PlyCount "62"]

1. e4 e6 2. d4 d5 3. e5 c5 4. c3 Nc6 5. Nf3 Bd7 6. a3 Rc8 7. Bd3 cxd4 8. cxd4
Qb6 9. Bc2 Nxd4 10. Nxd4 Bc5 11. Nb3 Bxf2+ 12. Ke2 Nh6 13. Nc3 Ng4 14. a4 Bg3
15. Qd4 Qxd4 16. Nxd4 Bxe5 17. Nf3 Bd6 18. Bb3 O-O 19. h3 Nf6 20. Be3 a6 21.
Rac1 b5 22. axb5 axb5 23. Bg5 Nh5 24. Kd2 Ng3 25. Rhe1 b4 26. Ne2 Ne4+ 27. Kd1
Nc5 28. Bc2 e5 29. Bd2 Na4 30. Rb1 Rxc2 31. b3 Rcc8 0-1

[Event "Chess Olympiad 2012"]
[Site "?"]
[Date "????.??.??"]
[Round "4"]
[White "Almasi, Zoltan"]
[Black "Petrik, Tomas"]
[Result "1-0"]
[WhiteElo "2713"]
[BlackElo "2529"]
[PlyCount "99"]

1. d4 e6 2. c4 Nf6 3. Nf3 b6 4. g3 Bb7 5. Bg2 Be7 6. O-O O-O 7. Nc3 Ne4 8. Bd2
Bf6 9. Rc1 d6 10. d5 Bxc3 11. Bxc3 Nxc3 12. Rxc3 e5 13. b4 a5 14. a3 Nd7 15. e4
Qe7 16. Qb1 Ra7 17. Bh3 axb4 18. axb4 Rfa8 19. Rd1 Bc8 20. Rdc1 h6 21. Kg2 Qe8
22. Nd2 Nf6 23. Bxc8 Qxc8 24. c5 bxc5 25. bxc5 Qg4 26. h3 Qe2 27. Qd3 Qxd3 28.
Rxd3 Ra2 29. cxd6 cxd6 30. Rc6 Rb8 31. Kf3 Rbb2 32. Ke3 Nxe4 33. Nxe4 Re2+ 34.
Kf3 f5 35. Re3 fxe4+ 36. Kxe4 Rxf2 37. Rxd6 Rfe2 38. Rxe2 Rxe2+ 39. Kf5 Re3 40.
Ke6 Rxg3 41. Rc6 Rf3 42. d6 Rf6+ 43. Kxe5 Kf7 44. Rc8 Re6+ 45. Kd5 Re3 46. d7
Rd3+ 47. Kc6 Ke6 48. d8=Q Rxd8 49. Rxd8 Ke5 50. Rg8 1-0

[Event "Chess Olympiad 2012"]
[Site "?"]
[Date "????.??.??"]
[Round "4"]
[White "Bartel, Mateusz"]
[Black "Ponomariov, Ruslan"]
[Result "0-1"]
[WhiteElo "2654"]
[BlackElo "2734"]
[PlyCount "84"]

1. e4 e5 2. Nf3 Nc6 3. Bb5 Nf6 4. d3 d6 5. O-O Be7 6. d4 O-O 7. Bxc6 bxc6 8.
Nc3 Nd7 9. Qe2 Bf6 10. Be3 Re8 11. d5 cxd5 12. Nxd5 c6 13. Nxf6+ Nxf6 14. Bg5
h6 15. Bh4 Bg4 16. h3 Bh5 17. g4 Bg6 18. Rad1 Re6 19. Nd2 d5 20. Nb3 Qd6 21. f3
Nd7 22. Bg3 Nb6 23. Qf2 Ree8 24. c3 f6 25. Nc5 Qe7 26. a4 Rad8 27. b3 Nd7 28.
Nb7 Rb8 29. Na5 Qe6 30. Rfe1 h5 31. b4 hxg4 32. hxg4 Nb6 33. f4 exf4 34. exd5
fxg3 35. Qxg3 Qf7 36. Nxc6 Rbc8 37. Qd6 Be4 38. Rd4 Qg6 39. Re3 Qxg4+ 40. Rg3
Qe2 41. Qxf6 Qe1+ 42. Kh2 Qh1# 0-1

[Event "Chess Olympiad 2012"]
[Site "?"]
[Date "????.??.??"]
[Round "4"]
[White "Darini, Pouria"]
[Black "Bruzon Batista, Lazaro"]
[Result "1/2-1/2"]
[WhiteElo "2503"]
[BlackElo "2711"]
[PlyCount "80"]

1. e4 e5 2. Nf3 Nc6 3. d4 exd4 4. Nxd4 Bc5 5. Nb3 Bb6 6. Nc3 Nf6 7. Qe2 O-O 8.
Bg5 Nd4 9. Qd2 Nxb3 10. axb3 h6 11. Be3 Bxe3 12. Qxe3 d5 13. O-O-O Ng4 14. Qg3
d4 15. Nb5 c5 16. Be2 Nf6 17. Nd6 Be6 18. e5 Nd5 19. Bc4 Nb4 20. c3 Bxc4 21.
bxc4 dxc3 22. bxc3 Nc6 23. f4 Qa5 24. Nf5 Qa3+ 25. Kc2 Qa2+ 26. Kd3 Rfd8+ 27.
Ke3 g6 28. Nxh6+ Kf8 29. Nxf7 Kxf7 30. e6+ Kg7 31. f5 Ne7 32. f6+ Kxf6 33.
Rhf1+ Kxe6 34. Qg4+ Nf5+ 35. Rxf5 gxf5 36. Qg6+ Ke7 37. Qg7+ Ke6 38. Qg6+ Ke7
39. Qg5+ Ke6 40. Qg6+ Ke5 1/2-1/2

[Event "Chess Olympiad 2012"]
[Site "?"]
[Date "????.??.??"]
[Round "4"]
[White "Dominguez Perez, Leinier"]
[Black "Ghaem Maghami, Ehsan"]
[Result "1/2-1/2"]
[WhiteElo "2725"]
[BlackElo "2579"]
[PlyCount "174"]

1. e4 e5 2. Nf3 Nc6 3. Bb5 a6 4. Ba4 d6 5. O-O Nf6 6. Re1 Be7 7. c3 b5 8. Bb3
O-O 9. h3 Nb8 10. d4 Nbd7 11. Nbd2 Bb7 12. Bc2 Re8 13. Nf1 Bf8 14. Bg5 h6 15.
Bh4 g6 16. N1h2 Bg7 17. Ng4 Qc8 18. d5 Nxg4 19. hxg4 c6 20. dxc6 Qxc6 21. Qe2
Rac8 22. Bb3 Nc5 23. Bd5 Qb6 24. Bxb7 Qxb7 25. Rad1 Bf8 26. Nh2 b4 27. cxb4
Qxb4 28. Nf1 Ne6 29. b3 Nd4 30. Qd3 Nc2 31. Re2 Qb5 32. Ne3 Qxd3 33. Rxd3 Nxe3
34. Rexe3 Rc1+ 35. Kh2 Rec8 36. Re2 Rb1 37. f3 Rcc1 38. Bf6 Rc8 39. Red2 g5 40.
Rxd6 Bxd6 41. Rxd6 Rc5 42. Rxa6 Kh7 43. b4 Rxb4 44. Be7 Rbc4 45. Bxc5 Rxc5 46.
a4 Rc2 47. a5 Ra2 48. Ra8 Kg7 49. Kg1 Ra1+ 50. Kf2 Ra2+ 51. Kg3 Kh7 52. Ra7 Kg7
53. Ra6 Kh7 54. Ra8 Kg7 55. a6 Kh7 56. Kh3 Kg7 57. Kh2 Ra1 58. Ra7 Kf6 59. g3
Ra3 60. Kg2 Kg7 61. Kf2 Kf6 62. Ke2 Kg7 63. Ra8 Kh7 64. a7 Kg7 65. Kd2 Kf6 66.
Kc2 Kg7 67. Kb2 Ra6 68. Kb3 Ra1 69. Kc4 Ra5 70. Kb4 Ra1 71. Kc5 Ra6 72. Kd5 Kf6
73. Kc5 Ke7 74. Kb5 Ra2 75. Kb6 Rb2+ 76. Kc6 Ra2 77. Kc5 Ra3 78. Kb6 Rb3+ 79.
Kc6 Ra3 80. Rc8 Rxa7 81. Rc7+ Rxc7+ 82. Kxc7 f6 83. Kc6 Ke6 84. Kb5 Kd7 85. Kb6
Kd6 86. Kb5 Kd7 87. Kc5 Kc7 1/2-1/2